[Event "Mittelfranken-chTB2a 1718"]
[Site "Mittelfranken"]
[Date "2017.10.29"]
[Round "2.7"]
[White "Eichmueller, Klaus"]
[Black "Maier, Dennis"]
[Result "0-1"]
[WhiteElo "1471"]
[BlackElo "1505"]
[PlyCount "88"]
[EventDate "2017.10.08"]
[EventType "team-tourn"]
[EventRounds "9"]
[EventCountry "GER"]
[SourceTitle "EXT 2022"]
[Source "ChessBase"]
[SourceDate "2021.10.06"]
[SourceVersion "1"]
[SourceVersionDate "2021.10.06"]
[SourceQuality "1"]
[WhiteTeam "Treuchtlingen/Wet SG"]
[BlackTeam "Cadolzburg"]
[WhiteTeamCountry "GER"]
[BlackTeamCountry "GER"]

1. e4 Nf6 2. e5 Nd5 3. c4 Nb6 4. Nf3 d6 5. exd6 cxd6 6. Be2 g6 7. Nc3 Bg7 8. 0-0 e5 9. d3 0-0 10. Bd2 Nc6 11. a3 d5 12. c5 d4 13. cxb6 dxc3 14. Bxc3 Qxb6 15. Qc1 Rd8 16. Rd1 Be6 17. Re1 Rac8 18. Qg5 Bf5 19. Bf1 f6 20. Qe3 Nd4 21. Bxd4 exd4 22. Qd2 Rc6 23. Rac1 Bf8 24. Rxc6 bxc6 25. Qc1 a5 26. Qc4+ Kg7 27. Rc1 Qxb2 28. a4 Be6 29. Qc2 Qb4 30. Re1 Bd5 31. Rb1 Qc3 32. Rb7+ Kh6 33. Qb1 Bb4 34. Nh4 Re8 35. Rxb4 axb4 36. Qd1 Re1 37. Qg4 Qxd3 38. Qf4+ Kg7 39. Qc7+ Bf7 40. h3 Rxf1+ 41. Kh2 g5 42. Nf3 Rxf2 43. Ne5 fxe5 44. Qxe5+ Kg6 0-1

[Event "Mittelfranken-chTB2a 1617"]
[Site "Mittelfranken"]
[Date "2016.11.27"]
[Round "3.8"]
[White "Maier, Dennis"]
[Black "Classen, Andrej"]
[Result "0-1"]
[WhiteElo "1503"]
[BlackElo "1756"]
[PlyCount "124"]
[EventDate "2016.10.23"]
[EventType "team-tourn"]
[EventRounds "9"]
[EventCountry "GER"]
[SourceTitle "EXT 2022"]
[Source "ChessBase"]
[SourceDate "2021.10.06"]
[SourceVersion "1"]
[SourceVersionDate "2021.10.06"]
[SourceQuality "1"]
[WhiteTeam "Cadolzburg"]
[BlackTeam "Buechenbach/Roth II"]
[WhiteTeamCountry "GER"]
[BlackTeamCountry "GER"]

1. d4 d5 2. Bf4 Nf6 3. c4 dxc4 4. Nc3 a6 5. g3 c6 6. a4 Nd5 7. e4 Nxc3 8. bxc3 b5 9. Nf3 e6 10. Ne5 Bb7 11. Bg2 Nd7 12. Nxd7 Qxd7 13. 0-0 Bd6 14. Bxd6 Qxd6 15. Re1 0-0 16. axb5 cxb5 17. e5 Qc7 18. Bxb7 Qxb7 19. Ra5 f6 20. f4 f5 21. Kf2 b4 22. cxb4 Qxb4 23. Qa1 Rfb8 24. Re3 Qb6 25. Re1 Kf7 26. Re2 Rc8 27. Qc3 Rc6 28. Rb2 Qa7 29. Ra4 Qc7 30. Rab4 Ra7 31. Qf3 g6 32. Qc3 a5 33. Ra4 Ke7 34. Rb5 Rb7 35. Raxa5 Rcb6 36. Rxb6 Qxb6 37. Ra2 Qb3 38. Rc2 Rb4 39. Ke2 Qa4 40. Kd2 Kd7 41. Rb2 Rb3 42. Rxb3 cxb3 43. Kc1 Qa3+ 44. Qb2 Qb4 45. Qd2 Qa3+ 46. Qb2 Qb4 47. Qd2 Qa4 48. Qc3 h6 49. Qb2 Kc6 50. Qc3+ Kd5 51. Kb2 Qa2+ 52. Kc1 b2+ 53. Qxb2 Qxb2+ 54. Kxb2 Kxd4 55. Kb3 g5 56. fxg5 hxg5 57. h4 gxh4 58. gxh4 Kxe5 59. h5 Kf6 60. Kc3 Kg5 61. h6 Kxh6 62. Kd4 Kg5 0-1

[Event "Mittelfranken-chTB2a 1516"]
[Site "Mittelfranken"]
[Date "2016.02.28"]
[Round "7.8"]
[White "Maier, Dennis"]
[Black "Heinz, Manfred"]
[Result "0-1"]
[WhiteElo "1599"]
[BlackElo "1728"]
[PlyCount "66"]
[EventDate "2015.10.18"]
[EventType "team-tourn"]
[EventRounds "9"]
[EventCountry "GER"]
[SourceTitle "EXT 2020"]
[Source "ChessBase"]
[SourceDate "2019.10.17"]
[SourceVersion "1"]
[SourceVersionDate "2019.10.17"]
[SourceQuality "1"]
[WhiteTeam "Cadolzburg"]
[BlackTeam "Heilsbronn"]
[WhiteTeamCountry "GER"]
[BlackTeamCountry "GER"]

1. e4 c6 2. d4 d5 3. exd5 cxd5 4. c4 Nf6 5. Nc3 Nc6 6. Be3 Bg4 7. f3 Be6 8. c5 g6 9. Bd3 Bg7 10. Nge2 0-0 11. a3 a5 12. Bc2 b6 13. Na4 bxc5 14. Nxc5 Bc8 15. h4 h5 16. Bg5 e5 17. dxe5 Nxe5 18. Nf4 Qe7 19. Nxd5 Nxf3+ 20. Kf1 Qxc5 21. Nxf6+ Bxf6 22. Qxf3 Bxb2 23. Qxa8 Qxc2 24. Re1 Bd4 25. Re2 Qb1+ 26. Re1 Qb5+ 27. Re2 Ba6 28. Qe4 Bc5 29. g4 Re8 30. Be7 Rxe7 31. a4 Qxe2+ 32. Qxe2 Rxe2 33. gxh5 Rh2+ 0-1